| 000 | 00585nam a22002297a 4500 | ||
|---|---|---|---|
| 003 | UA-OsUOA | ||
| 001 | 48351 | ||
| 007 | ta | ||
| 008 | 20130324b un ||||| |||| 00| 0 ukr d | ||
| 100 | _aZdan M. | ||
| 090 | _a94(477).02 | ||
| 942 | _cBR | ||
| 040 |
_aUA-OsUOA _beng _cUA-OsUOA _dUA-OsUOA |
||
| 245 | _aThe Dependence of Halych_Volyn' Rus' on the Golden Horde | ||
| 300 | _aP. 505-522 с. | ||
| 955 | _a1 | ||
| 041 | _aeng | ||
| 080 | _a94(477).02 | ||
| 260 | _bUniversity of London | ||
| 650 | 7 |
_a9 Географія. Біографії. Історія _2UDC |
|
| 999 |
_c428451 _d428451 |
||